[Event "HCL-A113"]
[Site "www.playchess.de"]
[Date "2001.03.29"]
[Round "16"]
[White "janus"]
[Black "Yogibear"]
[WhiteElo "1873"]
[BlackElo "1845"]
[PlyCount "85"]
[Result "1-0"]

1.e4 {Guten Morgen ! Diesmal etwas anderes als 
Caro-Kann ?? Viel Glück !!}  c6 {Hi Rüdiger, nöö, 
bin jetzt bockig *g*, Dir auch viel Spass und 
Erfolg! Jürgen}  2.c4 {Hallo Jürgen ! Dann spiele 
auch ich anders - das hast Du jetzt davon *grins* 
! Gruß Rüdiger}  d5 {Gemeinheit! Trotzdem hab ich 
nichts anderes als dieses gelernt!}  3.cxd5 {Dann 
lernst Du jetzt eine neue Variante !!}  cxd5 
{dafür bin ich immer dankbar}  4.exd5 {Ok - wie 
wäre es dafür mit einem Bauerngeschenk für mich 
*g* ??}  Nf6 {so einen Bauern geb ich gern!}  
5.Nc3 {Das glaube ich - ist ja auch nur temporär ! 
In so einem großen Feld hat man viel zu ziehen, 
stimmt´s}  Nxd5 {das Feld ist manchmal zu gross um 
die Übers. zu behalten.Naja,den B hab ich ja 
jetztwieder!}  6.d4 {Ich meinte eigentlich unser 
Turnier - war mißverständlich ;-)) !}  g6 {ja, das 
Turnier ist ein harter Brocken.Bin froh, wenn ich 
einen Mittelplatz belege!}  7.Qb3 {Ich auch, 
obwohl ich natürlich hoffe, oben mitspielen zu 
können. Wie lange bist Du online ?}  Nb6 {heute 
sporadisch den ganzen Tag (Urlaub!). Mit der 
Flatrate kein Problem! Gruß}  8.d5 {Wird die 
Flatrate nicht demnächst abgeschafft ? Wäre sehr 
ärgerlich !!}  Bg7 {stimmt,bin aber bei 
Berlikomm/Berlinweb-Flatrate,da bleibt die Flatr. 
bestehen (49,-DM)!}  9.Be3 {Alles klar ! Bei uns 
entwickelt sich ein heißer Kampf - macht viel Spaß 
!!}  O-O {beginnt zumindest nicht so langweilig, 
wie die vorherige!}  10.Rd1 {Stimmt - hier ist 
auch einiges an Taktik drin ! Hast Du eine Pause 
gebraucht *g* ??}  Bd7 {ja,schliesslich ist der 
Urlaub anstrengend!}  11.Be2 {Geht mir ebenso ! 
Bist Du jetzt einige Zeit online ?}  Na6 {ich 
denke, die nächste Stunde schon! Vielleicht 
schaffen wir diese Woche noch die Partie *g*}  
12.Nf3 {Wahrscheinlich nicht (schade) - ich muß 
morgen und Mo - Di auf die CeBIT (Mist) *g* !!}  
Rc8 {du bist wirklich zu bedauern-der ganze 
Stress!Aber du findest bestimmt irgendwo ein 
Terminal..}  13.Bd4 {Mal sehen ;-)) - aber das 
Schlimmste ist das Aufstehen um ca. 4 Uhr morgens 
*grauenvoll* !!}  Nc5 {das würde mich allerdings 
auch stören! Bist ja übrigens gegen easykiller 
auch schon weit!}  14.Qa3 {Ja - er spielt quasi 
"Blitzschach" - die Partie gegen ihn ist 
wahrscheinlich gewonnen :-))}  Qc7 {er scheint uns 
zu unterschätzen. Werde jedenfalls ruhig gegen ihn 
weiterspielen!}  15.O-O {Ich glaube, das ist die 
richtige Taktik - viel Glück !!}  a6 
{danke-braucht man dir gegen e.-kil. ja nicht mehr 
zu wünschen-bei dieser Stellung!}  16.Qb4 {Ich 
nehme an, daß mein Spiel in wenigen Zügen vorbei 
ist. Paß gegen Jeff Foster auf - er ist gut !!}  
Bxd4 {Jeff Foster-sagt mir jetzt nichts!}  17.Qxd4 
{Sorry - habe die Turniere verwechselt ! Zu viele 
Partien *g* !!}  Rfd8 18.Qh4 Be8 {wird mir 
bestimmt auch bald passieren!}  19.Rfe1 {Die 
"Sucht" ist halt sehr stark *g* !!}  h5 {schweren 
Herzens h5-aber wenn ich nicht aufpasse,geht die 
Partie schnell baden!}  20.Rd2 {Den Zug h5 habe 
ich nicht gesehen - er ist gut und ich weiß nicht 
so recht, wie es weiter geht !}  f6 {gefällt mir 
alles trotzd. nicht so recht!Gratulation zu deinem 
Sieg gg. eK,stehe gegen ihn auch gut!}  21.Bd1 
{Vielen Dank ! Du dürftest Dein Spiel gegen ihn 
nach Hause schaukeln !!}  Bf7 {sehe ich auch so, 
er steht jetzt total auf Verlust, du bist eben ein 
härterer Gegner, muss aufpassen}  22.Bc2 {Ich 
suche gegen Dich eine vernünftige Fortsetzung, 
aber bisher ist es nur ein "Herumgeeiere" von mir} 
 Kg7 {bevor ich überhaupt an einen Weg zu gewinnen 
denken kann, muss ich ers meine Stellung 
absichern!}  23.Rde2 {Jetzt muß ich wohl den 
Bauern für einen möglichen Angriff geben, oder ?!} 
 Kf8 {der Punkt f7 scheint ein Angelpunkt in 
unserer Partie zu werden!}  24.R2xe7 {Genau das 
ist mein Ziel - jetzt kommt es zum Spiel D gegen 
2T}  Qxe7 {man kann nicht sagen, dass unsere games 
langweilig sind!}  25.Rxe7 {Das stimmt - aber es 
macht doch viel mehr Spaß als das 
"Theoriegeschiebe", oder ?!}  Kxe7 {vollkommen 
richtig,das ist auch mein Stil, selbst wenn man 
mal eine Partie verliert!}  26.b4 {Dann sind wir 
uns einig !! Der Zug b4 war für mich schwierig zu 
finden !!!}  Nxd5 {ich bin wirklich gespannt, wer 
hier am längeren Hebel sitzt!}  27.Nxd5+ {Dito !!! 
Bis übermorgen und gute Nacht !!}  Rxd5 {jetzt hab 
ich doch einen Fehler gemacht,Sd7 hätte die Partie 
gehalten, ärgerlich!!}  28.bxc5 {Stimmt - Sd7 war 
wesentlich besser. Somit habe ich eine Leichtfigur 
mehr als befürchtet.}  Rdxc5 {Na mal sehen, wie 
lange Schwarz noch lebt! Wann geht es eigentlich 
zur Cebit? Montag?}  29.Qb4 {Hallo Jürgen ! Ja, am 
Montag fahre ich wieder nach Hannover und komme am 
Di abends wieder heim !}  Kf8 {der king muss 
erstmal aus der schusslinie!}  30.Bb3 {... und ich 
spiele natürlich auf Abtausch - es geht nicht 
anders !!}  a5 {der richtige Weg...ich spiele am 
besten jetzt etwas aktiver!}  31.Qa3 {Jetzt muß 
meine Dame das Feld c1 sichern - 
Grundlinienschwäche bei Weiß !!}  Bxb3 {jetzt 
fehlt die schwarze Figur!}  32.axb3 {Ja - aber 
noch kannst Du kämpfen !! Morgen mehr - bin 
absolut kaputt von der CeBIT !!}  Kf7 {glaub 
ich-solche Veranstaltungen sind immer stressig!}  
33.h4 {Das stimmt - daher ein letzter Zug für 
heute ! Bis morgen und viele Grüße   Rüdiger}  Rd5 
{tschüß bis Mittwoch!}  34.Qa4 {Guten Morgen, 
Jürgen ! Nach etwas Schlaf bin ich wieder fit zur 
Fortsetzung unserer Partie - Du auch}  Rcd8 
{Denkst du,dass Geoffrey16 wirklich ein GM ist?}  
35.Kh2 {Ich galaube, daß das ein Scherz ist !!! 
Wie stehst Du gegen ihn ??}  R8d7 {habe 
entscheidenden Vorteil,wird bei dir nicht anders 
sein!Denke auch,dass es ein Scherz ist!}  36.Kg3 
{Bin ebenfalls gegen ihn zufrieden !! Jetzt muß 
mein König mit ran, sonst geht´s nicht weiter !}  
Kg7 {Komme jetzt nicht weiter! Wieder eine 
Bandwurmpartie!Nimzo-Verteidig. spielst du 
offensichtl. gern?}  37.Qc4 {Ja, Sc6 ist meine 
"Hauptwaffe" gegen e4, da die meisten Spieler & 
Compis damit nicht klar kommen !!}  b5 {Ja,jeder 
hat so seine Geheimwaffe! Warum auch immer den 
gleichen Einheitsbrei spielen!}  38.Qc6 {Genau !!! 
Spielst Du gegen e4 eigentlich immer c6 ??}  b4 
{meistens, ab und zu aber auch ..d5, selten ..Sf6, 
...e5 hat bei mir die rote Karte!}  39.Kf4 {Bis 
vor einiger Zeit habe ich immer Najdorf gespielt, 
aber die Variante wurde mir ausgetrieben !!!}  
R7d6 {ja,es entstehen bei Naid. sehr 
unübersichtliche und scharfe Varianten, schwierig 
für Schwarz!}  40.Qc4 {Genau - und auch recht gut 
erforscht ! Gegen d4 spiele ich meist königs- oder 
grünfeldindisch !!}  R6d8 {eine gute Waffe gegen 
1.d4 d5 2.c4 ist auch e5,was ich konsequent 
spiele,fast 90% gewonnene Partien}  41.Ke4 {Da bin 
ich doch glatt versucht, es in unserer nächsten 
Partie mal auszuprobieren !!!}  f5+ {wäre bestimmt 
interessier und ich bis zu den Fußspitzen 
motiviert!}  42.Kf4 {Ok - abgemacht; sobald wir 
wieder miteinander spielen !!!}  Kh6 {o.k.! Da ich 
noch sehr schwere Partien habe,gebe ich das 
nächste mal auf u. gratuliere dir herzlich!}  
43.Kg3 {Vielen Dank und bis zum nächsten Spiel !! 
Alles Gute weiterhin und viel Erfolg !! Gruß 
Rüdiger}  1-0

[Event "HCL-A113"]
[Site "www.playchess.de"]
[Date "2001.03.29"]
[Round "18"]
[White "janus"]
[Black "ggaarrii"]
[WhiteElo "1873"]
[BlackElo "1274"]
[PlyCount "59"]
[Result "1-0"]

1.e4 {Good luck and a gair game !!}  c5 {You too! 
Gair??}  2.Nf3 {I mean naturally "fair" *smile* 
!!}  Nc6 {Yes, i thought so - f is right bye the g 
:))}  3.d4 {Exactly - and sometimes my fingers are 
not small enough !}  cxd4 {I hope you won't do 
that when you make a move :))}  4.Nxd4 {I hope so, 
too ;-))) ! And which continue do you choose now 
?}  Nf6 5.Nc3 d6 {This! Like it?}  6.Bc4 {Yes - 
very good. And I continue à la Bobby Fischer ;-)) 
!}  e6 {I just hope you don't play like Fischer 
;))}  7.Be3 {Oh no - I´m not so arrogant to 
compare myself with him ;-)) !!!}  Be7 8.Qe2 a6 
9.O-O-O Qc7 {You didn't! I just said i hope you 
don't play like him :-)}  10.Bb3 {Ok - but I hope 
that I have got a very very little of his 
knowledge ;-)) !}  Na5 {Do you play in any chess 
club? Do you have ELO or German national rating?}  
11.g4 {I only play in privat and so I don´t have 
any rating.}  b5 {I started to compete last year 
in October and so far i got from 1600 to 
1649,+about 50notcounted yet}  12.g5 {That´s a 
great progress - well done !!!}  Nxb3+ {Thanks, 
but i think that after 1800 progress becomes 
hard...}  13.axb3 {That is my opinion, too. Which 
rating do you want to reach ??}  Nd7 {In how many 
years? :)) I haven't realy thought of that. It's 
interesting to see yourself climbing !}  14.b4 
{Thanks - but my attack will come ;-))  !!}  Ne5 
15.h4 Nc4 16.h5 Nxe3 17.Qxe3 O-O 18.f4 f6 19.g6 h6 
20.f5 exf5 21.exf5 Re8 22.Nd5 Qb7 23.Qb3 {Now you 
are climbing, but I hope, my attack is stronger 
than your defense !}  Kf8 {Well, i prefer 
attacking defense as black but you gotta do what 
you gotta do :)}  24.Rhe1 {Ok - I do my best ;-)) 
!!}  Bd7 25.Nxe7 Rxe7 26.Rxe7 Kxe7 27.Qf7+ Kd8 
28.Ne6+ Kc8 {Very nice attack!}  29.Qf8+ {Thank 
you very much ! It was a hard work to find the 
combination !!}  Be8 {Yes! I saw that one coming 
after my 24th move but i didn't want to resign and 
spoil your pleasure :)}  30.Qxe8+ 1-0

[Event "HCL-B259"]
[Site "www.playchess.de"]
[Date "2001.03.29"]
[Round "2"]
[White "lonewolf"]
[Black "thales"]
[WhiteElo "1613"]
[BlackElo "1500"]
[PlyCount "41"]
[Result "1-0"]

1.d4 g6 2.e4 Bg7 3.Nc3 d6 4.f4 Nc6 5.Be3 e5 6.dxe5 
dxe5 7.Qxd8+ Nxd8 8.Nb5 Ne6 9.f5 gxf5 10.exf5 a6 
11.fxe6 axb5 12.Bxb5+ c6 13.exf7+ Kxf7 14.Bc4+ Be6 
15.Bxe6+ Kxe6 16.Nf3 Bf6 17.O-O Ne7 18.Bg5 Bg7 
19.Rae1 Nd5 20.c4 Nb6 21.Nd4+ 1-0

[Event "HCL-A112"]
[Site "www.playchess.de"]
[Date "2001.03.29"]
[Round "3"]
[White "waz2000"]
[Black "iq160"]
[WhiteElo "1873"]
[BlackElo "1543"]
[PlyCount "21"]
[Result "1-0"]

1.d4 {Good luck from California USA}  Nf6 2.Nf3 e6 
3.c4 b6 4.g3 Ba6 5.b3 Bb4+ 6.Bd2 Be7 7.Bg2 O-O 
8.Nc3 c6 9.d5 exd5 10.cxd5 cxd5 
11.Bf4 1-0

[Event "HCL-B259"]
[Site "www.playchess.de"]
[Date "2001.03.29"]
[Round "36"]
[White "PAO_4EVER"]
[Black "Bill"]
[WhiteElo "1200"]
[BlackElo "1327"]
[PlyCount "31"]
[Result "1/2-1/2"]

1.e4 e5 {Good luck}  2.Nf3 Nc6 3.Bc4 Bc5 4.d3 Nf6 
5.Bg5 d6 6.Nc3 h6 7.Bh4 g5 8.Bg3 a6 9.O-O Na5 
10.Nd5 Nxc4 11.Nxf6+ Qxf6 12.dxc4 Bg4 13.h3 Bxf3 
14.Qxf3 Qxf3 15.gxf3 Rf8 16.h4 1/2-1/2

[Event "HCL-C249"]
[Site "www.playchess.de"]
[Date "2001.03.29"]
[Round "8"]
[White "otaolive"]
[Black "MEATHEAD"]
[WhiteElo "389"]
[BlackElo "1043"]
[PlyCount "48"]
[Result "0-1"]

1.b3 e5 2.f3 d5 3.Bb2 f6 4.Bc3 d4 5.Ba5 b6 6.Bxb6 
axb6 7.g3 Bc5 8.Na3 Bxa3 9.Rb1 Nh6 10.Nh3 Qd6 
11.b4 Na6 12.Rb3 Bxb4 13.Rd3 Bf5 14.Qb1 Bxd3 
15.exd3 O-O 16.a3 Bxa3 17.c3 Bc5 18.Be2 dxc3 
19.dxc3 Nb4 20.d4 exd4 21.Bc4+ Nf7 22.Rf1 Rfe8+ 
23.Kd1 dxc3+ 24.Kc1 Qd2+ 0-1

[Event "ACL-A138"]
[Site "www.playchess.de"]
[Date "2001.03.29"]
[Round "36"]
[White "jalal"]
[Black "Emma2001"]
[WhiteElo "1426"]
[BlackElo "1500"]
[PlyCount "29"]
[Result "1-0"]

1.e4 e5 2.Bc4 Nc6 3.Nf3 Nf6 4.Nc3 Bb4 5.O-O Bxc3 
6.dxc3 Nxe4 7.Bxf7+ Kxf7 8.Qd5+ Kf8 9.Qxe4 d6 
10.Bg5 Qe8 11.Nh4 Qh5 12.f4 h6 13.fxe5+ Kg8 14.Ng6 
Rh7 15.Rf8+ {good game}  1-0

[Event "HCL-A120"]
[Site "www.playchess.de"]
[Date "2001.03.29"]
[Round "2"]
[White "Whatever"]
[Black "One_i"]
[WhiteElo "1532"]
[BlackElo "1706"]
[PlyCount "36"]
[Result "0-1"]

1.e4 {Have a good game.}  d5 {Good luck to you 
from Canada}  2.exd5 Nf6 3.c4 e6 4.dxe6 Bxe6 5.Nf3 
Bc5 6.d4 Bb4+ 7.Bd2 Qe7 8.Qe2 Bxd2+ 9.Nbxd2 Qb4 
10.d5 O-O 11.dxe6 Re8 12.Qd1 Rxe6+ 13.Be2 Nc6 
14.O-O Rd8 15.Re1 Nd4 16.Nxd4 {I didn't know you 
would put up that much pressure. Nice work.}  Rxd4 
{Thanks. But it's still your game.}  17.Qb3 Qxd2 
18.Rad1 Rxe2 0-1

[Event "ACL-A141"]
[Site "www.playchess.de"]
[Date "2001.03.29"]
[Round "19"]
[White "THEGREENMILE"]
[Black "Zynaps"]
[WhiteElo "1500"]
[BlackElo "1791"]
[PlyCount "28"]
[Result "0-1"]

1.d4 d5 2.c4 c6 3.Nc3 Nf6 4.Nf3 dxc4 5.e4 b5 6.e5 
Nd5 7.Bg5 h6 8.Bh4 Bg4 9.h3 Bf5 10.a3 Nd7 11.g4 
Nxc3 12.bxc3 Be4 13.Bg2 Qa5 14.Qd2 
Nb6 0-1

[Event "HCL-C118"]
[Site "www.playchess.de"]
[Date "2001.03.29"]
[Round "3"]
[White "Herremanden"]
[Black "dcscott"]
[WhiteElo "1000"]
[BlackElo "1000"]
[PlyCount "21"]
[Result "1-0"]

1.e4 c5 2.Nf3 d6 3.Nc3 Nf6 4.Bc4 g6 5.Ng5 e6 6.Qf3 
Nc6 7.Nb5 Bd7 8.Nc7+ Qxc7 9.Qxf6 Rg8 10.Qxf7+ Kd8 
11.Qxg8 1-0

[Event "HCL-C118"]
[Site "www.playchess.de"]
[Date "2001.03.29"]
[Round "5"]
[White "engmohd"]
[Black "Herremanden"]
[WhiteElo "1000"]
[BlackElo "1000"]
[PlyCount "43"]
[Result "1-0"]

1.e4 e5 2.Nf3 d6 3.d4 exd4 4.Qxd4 Nc6 5.Bb5 Bd7 
6.Bxc6 bxc6 7.O-O c5 8.Qd3 Nf6 9.Nc3 c6 10.Bg5 Be6 
11.e5 c4 12.Qe2 h6 13.Bxf6 gxf6 14.exd6 Qxd6 
15.Rad1 Qb4 16.Nd4 Rd8 17.Nxe6 Rxd1 18.Ng7+ Kd7 
19.Rxd1+ Bd6 20.Ne4 Qxb2 21.Nxd6 f5 
22.Nxc4+ 1-0

[Event "HCL-C118"]
[Site "www.playchess.de"]
[Date "2001.03.29"]
[Round "8"]
[White "Herremanden"]
[Black "janus"]
[WhiteElo "1000"]
[BlackElo "1000"]
[PlyCount "68"]
[Result "0-1"]

1.e4 Nc6 2.Nf3 e5 3.b4 Bxb4 4.c3 Bc5 5.d4 exd4 
6.cxd4 Bb6 7.Nc3 Qe7 8.Qe2 Nxd4 9.Qd3 Qf6 10.Bb2 
Nxf3+ 11.gxf3 Bxf2+ 12.Kxf2 Qb6+ 13.Ke2 Qxb2+ 
14.Ke3 Qb6+ 15.Qd4 Qh6+ 16.f4 Nf6 17.Rg1 O-O 
18.Rc1 Re8 19.e5 d6 20.Ne4 Rxe5 21.Bd3 Nxe4 
22.Bxe4 Bf5 23.Qxe5 dxe5 24.Rcf1 exf4+ 25.Rxf4 
Bxe4 26.Kxe4 Re8+ 27.Kf3 Qh3+ 28.Rg3 Qf1+ 29.Kg4 
h5+ 30.Kg5 Re5+ 31.Kh4 Qxf4+ 32.Kh3 Qf5+ 33.Kg2 
Re2+ 34.Kg1 Qb1+ 0-1

[Event "HCL-C113"]
[Site "www.playchess.de"]
[Date "2001.03.29"]
[Round "5"]
[White "Ara"]
[Black "JRockne"]
[WhiteElo "1000"]
[BlackElo "1100"]
[PlyCount "31"]
[Result "1-0"]

1.e4 e5 2.Nf3 Nc6 3.Bb5 a6 4.Ba4 Nf6 5.O-O b5 
6.Bb3 g6 7.Re1 Bh6 8.c3 O-O 9.d4 Bxc1 10.Qxc1 exd4 
11.e5 Na5 12.exf6 dxc3 13.Nxc3 c5 14.Nd5 c4 15.Qh6 
Nc6 16.Qg7+ 1-0

[Event "HCL-A033"]
[Site "www.playchess.de"]
[Date "2001.03.29"]
[Round "1"]
[White "Brrrr"]
[Black "Felix"]
[WhiteElo "1616"]
[BlackElo "1533"]
[PlyCount "142"]
[Result "0-1"]

1.d4 Nf6 2.c4 g6 3.Nc3 d5 4.cxd5 Nxd5 5.e4 Nxc3 
6.bxc3 Bg7 7.Bc4 c5 8.Ne2 Nc6 9.Be3 O-O 10.O-O Bg4 
11.f3 Na5 12.Bxf7+ Rxf7 13.fxg4 Rxf1+ 14.Qxf1 cxd4 
15.cxd4 Nc4 16.Qc1 Rc8 17.Qc3 Qd7 18.g5 Qe6 19.Qd3 
Nxe3 20.Qxe3 Rc2 21.Nf4 Qc4 22.e5 Rxa2 23.Rxa2 
Qxa2 24.Qc1 Qb3 25.Qc8+ Bf8 26.Kf2 Qb4 27.Qe6+ Kg7 
28.Qd5 Qd2+ 29.Kg3 Qe3+ 30.Kg4 b6 31.Ne6+ Kf7 
32.Nc7+ Kg7 33.g3 Qe2+ 34.Qf3 Qxf3+ 35.Kxf3 a5 
36.Ke4 b5 37.Nxb5 e6 38.Nc3 Kf7 39.Kd3 Ke8 40.Kc4 
Bb4 41.Na4 Bd2 42.Kb5 Be3 43.Kc4 Bxg5 44.Nc5 Kf7 
45.h3 Be3 46.g4 Ke7 47.Kd3 Bg1 48.Nb3 a4 49.Nc5 a3 
50.Nb3 a2 51.Kc3 Kd7 52.Kb2 Kc6 53.Kxa2 Kd5 54.Nc5 
Bxd4 55.Nd7 h6 56.Kb3 Bxe5 57.h4 Bd6 58.Kc2 Ke4 
59.Nf6+ Kf4 60.Kd3 Be7 61.Ng8 Bxh4 62.Nxh6 e5 
63.Nf7 e4+ 64.Ke2 Bf6 65.Nd6 Bg5 66.Ne8 Kxg4 
67.Nd6 Kf4 68.Nc4 Be7 69.Nb6 Bc5 70.Nd7 Bd4 71.Nf8 
Kf5 0-1

[Event "HCL-A033"]
[Site "www.playchess.de"]
[Date "2001.03.29"]
[Round "2"]
[White "teenspirit"]
[Black "Brrrr"]
[WhiteElo "1809"]
[BlackElo "1616"]
[PlyCount "32"]
[Result "0-1"]

1.d4 Nf6 2.Nf3 d5 3.Bf4 c5 4.e3 Qb6 5.Qc1 e6 
6.Nbd2 Nc6 7.c3 Nh5 8.Bg3 Nxg3 9.hxg3 Bd6 10.Bd3 
cxd4 11.cxd4 h6 12.g4 e5 13.dxe5 Nxe5 14.Nxe5 Bxe5 
15.Qd1 Qxb2 16.g5 Qxa1 0-1

[Event "HCL-A033"]
[Site "www.playchess.de"]
[Date "2001.03.29"]
[Round "3"]
[White "Felix"]
[Black "teenspirit"]
[WhiteElo "1533"]
[BlackElo "1809"]
[PlyCount "34"]
[Result "0-1"]

1.d4 d5 2.c4 e6 3.Nc3 c6 4.Nf3 dxc4 5.e4 b5 6.a4 
Bb4 7.Bd2 Nf6 8.Qb1 Bb7 9.e5 Nd5 10.axb5 Bxc3 
11.bxc3 O-O 12.Bxc4 Nd7 13.bxc6 Bxc6 14.Ng5 g6 
15.O-O Nxc3 16.Bxc3 Qxg5 17.f3 
Qe3+ 0-1

[Event "HCL-A033"]
[Site "www.playchess.de"]
[Date "2001.03.29"]
[Round "16"]
[White "Machiavelli_________"]
[Black "Brrrr"]
[WhiteElo "1800"]
[BlackElo "1616"]
[PlyCount "88"]
[Result "1/2-1/2"]

1.d4 Nf6 2.c4 g6 3.Nc3 Bg7 4.e4 d6 5.Nf3 O-O 6.Be2 
e5 7.Be3 h6 8.O-O Ng4 9.Bc1 Nc6 10.d5 Ne7 11.Nd2 
f5 12.Bxg4 fxg4 13.b4 a5 14.bxa5 Rxa5 15.Nb3 Ra8 
16.c5 Kh7 17.Be3 dxc5 18.Nxc5 Rf6 19.Qc2 b6 20.Nd3 
c6 21.Nb4 Rd6 22.Rfd1 cxd5 23.Ncxd5 Nxd5 24.Nxd5 
Be6 25.Rab1 Bxd5 26.Rxd5 Rxd5 27.exd5 Qxd5 28.Rxb6 
e4 29.a4 Qa5 30.g3 Qxa4 31.Qxa4 Rxa4 32.Kg2 g5 
33.h3 gxh3+ 34.Kxh3 Bd4 35.Bxd4 Rxd4 36.Re6 h5 
37.Kg2 Kg7 38.Kf1 Rc4 39.Kg2 Ra4 40.Kf1 Rb4 41.Kg2 
Rc4 42.Kf1 h4 43.gxh4 gxh4 44.Kg2 
Ra4 1/2-1/2

[Event "HCL-A033"]
[Site "www.playchess.de"]
[Date "2001.03.29"]
[Round "17"]
[White "Felix"]
[Black "Machiavelli_________"]
[WhiteElo "1533"]
[BlackElo "1800"]
[PlyCount "65"]
[Result "1/2-1/2"]

1.d4 f5 2.c4 Nf6 3.g3 g6 4.Bg2 Bg7 5.Nh3 O-O 6.Nc3 
d6 7.d5 Na6 8.O-O Bd7 9.Nf4 c6 10.e4 fxe4 11.Nxe4 
Nxe4 12.Bxe4 Nc5 13.Bg2 Qb6 14.Re1 Rae8 15.Qe2 e5 
16.dxe6 e.p 17.Nxe6 Nxe6 18.Rxe6 Be3 19.Qb4 Rad1 
20.Rfe8 b3 21.R6e7 h3 22.Bc3 Ref1 23.Bf5 g4 24.Be4 
Bxe4 25.R7xe4 Qd3 26.R4e6 Bxa7 27.Ra8 a3 28.Qxa3 
Qxc3 29.Qxa7 Rda1 30.Qb8 Kg2 31.Rxa1 Rxa1 32.Qf8 
Ra7 33.Rf6 1/2-1/2

[Event "HCL-A033"]
[Site "www.playchess.de"]
[Date "2001.03.29"]
[Round "22"]
[White "Brrrr"]
[Black "mrchess"]
[WhiteElo "1616"]
[BlackElo "1585"]
[PlyCount "59"]
[Result "1-0"]

1.d4 d6 2.c4 Nf6 3.Nc3 Nbd7 4.e4 e5 5.d5 c6 6.Nf3 
Be7 7.Bd3 Nc5 8.Bc2 Bg4 9.b4 Ncd7 10.h3 Bh5 11.g4 
Bg6 12.g5 Nh5 13.Nh4 Bxg5 14.Nxg6 fxg6 15.dxc6 
bxc6 16.Bxg5 Qxg5 17.Qxd6 Qf6 18.O-O-O Qxd6 
19.Rxd6 Rf8 20.Ba4 Rxf2 21.Rhd1 Rd8 22.Bxc6 Rf7 
23.Nb5 Nhf6 24.c5 Kf8 25.Nxa7 Ne8 26.R6xd7 Rdxd7 
27.Rxd7 Rxd7 28.Bxd7 Ke7 29.Bxe8 Kxe8 
30.Nc6 1-0

[Event "HCL-A033"]
[Site "www.playchess.de"]
[Date "2001.03.29"]
[Round "23"]
[White "mrchess"]
[Black "Felix"]
[WhiteElo "1585"]
[BlackElo "1533"]
[PlyCount "62"]
[Result "0-1"]

1.d4 Nf6 2.c4 g6 3.Nc3 d5 4.cxd5 Nxd5 5.e4 Nxc3 
6.bxc3 Bg7 7.Qc2 O-O 8.Bc4 c5 9.d5 f5 10.f3 Kh8 
11.Ne2 fxe4 12.fxe4 a6 13.Bg5 b5 14.Bd3 c4 15.Bxc4 
bxc4 16.Rf1 Rxf1+ 17.Kxf1 Be5 18.Kg1 Qc7 19.g3 e6 
20.Rf1 Qc5+ 21.Kh1 exd5 22.exd5 Qxd5+ 23.Kg1 Bb7 
24.Kf2 Qg2+ 25.Ke1 Nd7 26.Qd2 Nc5 27.Nc1 Re8 
28.Qxg2 Bxg2 29.Rf7 Bf6+ 30.Kf2 Bxg5 31.Kxg2 
Bxc1 0-1

[Event "HCL-A033"]
[Site "www.playchess.de"]
[Date "2001.03.29"]
[Round "28"]
[White "Machiavelli_________"]
[Black "mrchess"]
[WhiteElo "1800"]
[BlackElo "1585"]
[PlyCount "61"]
[Result "1-0"]

1.e4 d6 2.d4 Nf6 3.Nc3 Nbd7 4.f4 e5 5.Nf3 exd4 
6.Qxd4 c6 7.Bc4 d5 8.Be2 Bc5 9.Qd3 Ng4 10.Rf1 Ndf6 
11.h3 Nh6 12.g4 Nxe4 13.Nxe4 dxe4 14.Qxe4+ Qe7 
15.Qxe7+ Bxe7 16.Bd2 f6 17.Bc4 Nf7 18.O-O-O O-O 
19.Rfe1 Bc5 20.b4 Bd6 21.Kb1 Kh8 22.Bc3 Bxf4 
23.Bxf7 Bxg4 24.hxg4 Rxf7 25.Rd4 Bg3 26.Red1 Rff8 
27.R4d7 Rab8 28.g5 Kg8 29.gxf6 Rf7 30.Rxf7 Kxf7 
31.Rg1 1-0

[Event "HCL-A044"]
[Site "www.playchess.de"]
[Date "2001.03.30"]
[Round "1"]
[White "Lasker"]
[Black "JOPE"]
[WhiteElo "1700"]
[BlackElo "1700"]
[PlyCount "61"]
[Result "1-0"]

1.Nf3 Nf6 2.d4 g6 3.c4 d6 4.Nc3 Bg7 5.e4 O-O 6.h3 
e5 7.Be3 exd4 8.Nxd4 Nc6 9.Nxc6 bxc6 10.Qc2 Re8 
11.f3 Nh5 12.Bf2 Nf4 13.g3 Nh5 14.Bg2 f5 15.Ne2 
Rb8 16.Rb1 fxe4 17.fxe4 c5 18.O-O Be5 19.b3 Bb7 
20.Qd3 Nf6 21.Be3 Nh5 22.b4 cxb4 23.a3 bxa3 
24.Rxb7 a2 25.Rxb8 Qxb8 26.Bd4 Nf6 27.Qc2 Bxd4+ 
28.Nxd4 Qb6 29.c5 Qxc5 30.Qxa2+ d5 {the towel is 
about ready to be tossed into the ring...}  31.Qf2 
{Sorry, can I help you?}  1-0

[Event "HCL-B072"]
[Site "www.playchess.de"]
[Date "2001.03.30"]
[Round "3"]
[White "DTG007"]
[Black "dmitry"]
[WhiteElo "1090"]
[BlackElo "1308"]
[PlyCount "78"]
[Result "0-1"]

1.d4 Nf6 2.c4 e6 3.Nc3 Bb4 4.e3 c5 5.Nf3 O-O 6.Bd2 
d5 7.Bd3 dxc4 8.Bxc4 cxd4 9.exd4 Ba5 10.O-O Bb6 
11.Bg5 Nc6 12.Bxf6 Qxf6 13.d5 Rd8 14.Qb3 Na5 
15.Ne4 Qe7 16.Qd3 Nxc4 17.Qxc4 exd5 18.Qc3 dxe4 
19.Rfe1 Rd3 20.Qxd3 exd3 21.Rxe7 Bg4 22.Rd1 Rd8 
23.Rxd3 Rb8 24.h3 Be6 25.b3 Kf8 26.Rxe6 fxe6 
27.Ne5 Rd8 28.Rd7 Rxd7 29.Nxd7+ Ke7 30.Nxb6 axb6 
31.f4 Kd6 32.Kf2 Kc5 33.Ke3 b5 34.Ke4 Kd6 35.Kd4 
b6 36.a4 bxa4 37.bxa4 h6 38.g3 g6 39.g4 
g5 0-1